The Beatles General Knowledge #1 - Statistics

General Stats
  • This quiz has been taken 467 times
  • The average score is 12 of 16
Answer Stats
Question Answer % Correct
How many Beatles are still alive? Two
100%
Which English city were the Beatles from? Liverpool
99%
Which instrument did Paul McCartney play? Bass Guitar
92%
In which year did John and Paul meet? 1957
87%
How many studio albums did the band release? 13
85%
In which German city did the Beatles frequently play in their early years? Hamburg
83%
Who was the drummer for the band before Ringo Starr? Pete Best
82%
Which album featured the songs Norwegian Wood, In My Life, and Michelle? Rubber Soul
81%
Which studio album was their first release? Please Please Me
80%
Finish the lyric: "One and one and one is...." Three
80%
What was the name of John Lennon's first wife? Cynthia
73%
George Harrison and Eric Clapton both married this woman: Pattie Boyd
68%
From left to right, list the order the Beatles members walking across Abbey Road. George, Paul, Ringo, John
63%
On which album was the above featured? The Beatles (The White Album)
63%
Which song features the lyrics, "Cool cherry cream and a nice apple tart?" Savoy Truffle
43%
Who did Paul divorce in 2008? Heather Mills
38%
No matching quizzes found
Score Distribution
Percent of People with Each Score
Percentile by Number Answered
Your Score History
You have not taken this quiz